[Event "N1 Reykjavik Open 2014"]
[Site "Reykjavik, Iceland"]
[Date "2014.03.09"]
[Round "7.16"]
[White "Elsness, Frode"]
[Black "Gullaksen, Eirik"]
[Result "1-0"]
[WhiteElo "2479"]
[BlackElo "2359"]
[LiveChessVersion "1.4.2"]

1. d4 
    {[%clk 1:30:45]}
1. ... Nf6 
    {[%clk 1:30:35]}
2. c4 
    {[%clk 1:30:48]}
2. ... g6 
    {[%clk 1:30:50]}
3. Nc3 
    {[%clk 1:31:05]}
3. ... Bg7 
    {[%clk 1:30:54]}
4. e4 
    {[%clk 1:31:31]}
4. ... O-O 
    {[%clk 1:30:55]}
5. Be3 
    {[%clk 1:31:33]}
5. ... d6 
    {[%clk 1:29:46]}
6. f3 
    {[%clk 1:31:57]}
6. ... a6 
    {[%clk 1:26:47]}
7. Qd2 
    {[%clk 1:26:54]}
7. ... Nc6 
    {[%clk 1:24:02]}
8. Nge2 
    {[%clk 1:26:39]}
8. ... Rb8 
    {[%clk 1:24:11]}
9. Rc1 
    {[%clk 1:26:56]}
9. ... Bd7 
    {[%clk 1:23:11]}
10. b3 
    {[%clk 1:26:57]}
10. ... Re8 
    {[%clk 1:18:51]}
11. d5 
    {[%clk 1:25:21]}
11. ... Ne5 
    {[%clk 1:19:03]}
12. h3 
    {[%clk 1:24:37]}
12. ... Bc8 
    {[%clk 1:19:02]}
13. f4 
    {[%clk 1:24:07]}
13. ... Ned7 
    {[%clk 1:19:25]}
14. g4 
    {[%clk 1:22:45]}
14. ... e6 
    {[%clk 1:14:33]}
15. Bg2 
    {[%clk 1:18:34]}
15. ... Qe7 
    {[%clk 1:08:15]}
16. Ng3 
    {[%clk 1:09:54]}
16. ... exd5 
    {[%clk 1:04:41]}
17. cxd5 
    {[%clk 1:07:53]}
17. ... Nc5 
    {[%clk 0:58:18]}
18. Bxc5 
    {[%clk 0:54:43]}
18. ... dxc5 
    {[%clk 0:58:28]}
19. O-O 
    {[%clk 0:48:22]}
19. ... Nxg4 
    {[%clk 0:41:47]}
20. hxg4 
    {[%clk 0:39:45]}
20. ... Bd4+ 
    {[%clk 0:42:06]}
21. Kh2 
    {[%clk 0:38:52]}
21. ... Bxg4 
    {[%clk 0:41:07]}
22. Bh3 
    {[%clk 0:38:54]}
22. ... Qh4 
    {[%clk 0:40:37]}
23. Qg2 
    {[%clk 0:39:20]}
23. ... f5 
    {[%clk 0:39:15]}
24. e5 
    {[%clk 0:22:11]}
24. ... Rxe5 
    {[%clk 0:36:08]}
25. fxe5 
    {[%clk 0:21:51]}
25. ... Bxe5 
    {[%clk 0:36:26]}
26. Rf3 
    {[%clk 0:20:05]}
26. ... Re8 
    {[%clk 0:32:33]}
27. Ne2 
    {[%clk 0:17:20]}
27. ... Bd6 
    {[%clk 0:31:51]}
28. Ng1 
    {[%clk 0:16:27]}
28. ... h5 
    {[%clk 0:22:10]}
29. Rcf1 
    {[%clk 0:16:01]}
29. ... g5 
    {[%clk 0:12:43]}
30. Kh1 
    {[%clk 0:11:13]}
30. ... f4 
    {[%clk 0:09:44]}
31. N3e2 
    {[%clk 0:10:52]}
31. ... Kg7 
    {[%clk 0:04:13]}
32. Qh2 
    {[%clk 0:10:04]}
32. ... Rh8 
    {[%clk 0:03:02]}
33. Bg2 
    {[%clk 0:07:18]}
33. ... Qxh2+ 
    {[%clk 0:03:16]}
34. Kxh2 
    {[%clk 0:07:47]}
34. ... Bxf3 
    {[%clk 0:03:30]}
35. Nxf3 
    {[%clk 0:07:39]}
35. ... g4 
    {[%clk 0:03:55]}
36. Nc3 
    {[%clk 0:07:20]}
36. ... Re8 
    {[%clk 0:04:16]}
37. Kg1 
    {[%clk 0:04:52]}
37. ... Re3 
    {[%clk 0:01:36]}
38. Nd1 
    {[%clk 0:04:30]}
38. ... Re2 
    {[%clk 0:01:46]}
39. Ng5 
    {[%clk 0:02:11]}
39. ... f3 
    {[%clk 0:01:15]}
40. Nxf3 
    {[%clk 0:31:44]}
40. ... gxf3 
    {[%clk 0:31:38]}
41. Bxf3 
    {[%clk 0:31:42]}
41. ... Rxa2 
    {[%clk 0:32:00]}
42. Bxh5 
    {[%clk 0:31:00]}
42. ... Bh2+ 
    {[%clk 0:29:47]}
43. Kh1 
    {[%clk 0:31:24]}
43. ... Be5 
    {[%clk 0:30:12]}
44. Rf5 
    {[%clk 0:28:19]}
44. ... Bd6 
    {[%clk 0:26:52]}
45. Ne3 
    {[%clk 0:26:47]}
45. ... Kg8 
    {[%clk 0:18:29]}
46. Ng4 
    {[%clk 0:25:24]}
46. ... Ra1+ 
    {[%clk 0:17:20]}
47. Kg2 
    {[%clk 0:25:50]}
47. ... Re1 
    {[%clk 0:17:43]}
48. Rf7 
    {[%clk 0:21:24]}
48. ... Re7 
    {[%clk 0:17:39]}
49. Nh6+ 
    {[%clk 0:18:30]}
49. ... Kh8 
    {[%clk 0:18:01]}
50. Bg4 
    {[%clk 0:16:55]}
50. ... b5 
    {[%clk 0:11:36]}
51. Bc8 
    {[%clk 0:15:40]}
51. ... a5 
    {[%clk 0:11:11]}
52. Bd7 
    {[%clk 0:14:21]}
52. ... c4 
    {[%clk 0:11:02]}
53. bxc4 
    {[%clk 0:14:44]}
53. ... bxc4 
    {[%clk 0:11:27]}
54. Rxe7 
    {[%clk 0:14:08]}
54. ... Bxe7 
    {[%clk 0:11:49]}
55. Nf5 
    {[%clk 0:14:28]}
55. ... Bf6 
    {[%clk 0:11:25]}
56. Kf3 
    {[%clk 0:14:52]}
56. ... Kg8 
    {[%clk 0:10:56]}
57. Ke4 
    {[%clk 0:15:07]}
57. ... Kf7 
    {[%clk 0:11:11]}
58. Bb5 
    {[%clk 0:15:19]}
58. ... c3 
    {[%clk 0:11:21]}
59. Ba4 
    {[%clk 0:15:40]}
59. ... Bh8 
    {[%clk 0:09:56]}
60. Nd4 
    {[%clk 0:13:47]}
60. ... Ke7 
    {[%clk 0:09:17]}
61. Nb5 
    {[%clk 0:13:42]}
61. ... Kd8 
    {[%clk 0:08:05]}
62. Kd3 
    {[%clk 0:13:07]}
62. ... Kc8 
    {[%clk 0:08:24]}
63. Nxc3 
    {[%clk 0:13:08]}
63. ... Kb7 
    {[%clk 0:08:51]}
64. Bc6+ 
    {[%clk 0:12:54]}
64. ... Kc8 
    {[%clk 0:07:40]}
65. Kc4 
    {[%clk 0:13:01]}
65. ... Be5 
    {[%clk 0:08:05]}
66. Na4 
    {[%clk 0:13:03]}
66. ... Bg3 
    {[%clk 0:08:09]}
67. Kb5 
    {[%clk 0:13:19]}
67. ... Be1 
    {[%clk 0:08:07]}
68. Nc5 
    {[%clk 0:13:40]}
68. ... Bf2 
    {[%clk 0:06:51]}
69. Nb7 
    {[%clk 0:13:34]}
69. ... a4 
    {[%clk 0:06:32]}
70. Kxa4 
    {[%clk 0:13:56]}
70. ... Kb8 
    {[%clk 0:06:49]}
71. Kb5 
    {[%clk 0:14:12]}
71. ... Ka7 
    {[%clk 0:07:06]}
72. Nc5 
    {[%clk 0:13:58]}
72. ... Bg3 
    {[%clk 0:06:55]}
73. Bd7 
    {[%clk 0:14:03]}
73. ... Bh2 
    {[%clk 0:06:14]}
74. Kc6 
    {[%clk 0:14:28]}
74. ... Bg3 
    {[%clk 0:06:14]}
75. Bg4 
    {[%clk 0:14:16]}
75. ... Bh2 
    {[%clk 0:05:32]}
76. Be2 
    {[%clk 0:14:29]}
76. ... Kb8 
    {[%clk 0:05:32]}
77. Na6+ 
    {[%clk 0:14:55]}
77. ... Kc8 
    {[%clk 0:05:41]}
78. Bg4+ 
    {[%clk 0:15:11]}
78. ... Kd8 
    {[%clk 0:06:05]}
79. Nc5 
    {[%clk 0:15:29]}
1-0

[Event "N1 Reykjavik Open 2014"]
[Site "Reykjavik, Iceland"]
[Date "2014.03.09"]
[Round "7.17"]
[White "L'Ami, Alina"]
[Black "Shoker, Samy"]
[Result "0-1"]
[WhiteElo "2398"]
[BlackElo "2466"]
[LiveChessVersion "1.4.2"]

1. d4 
    {[%clk 1:23:40]}
1. ... d6 
    {[%clk 1:30:48]}
2. c4 
    {[%clk 1:24:06]}
2. ... Nf6 
    {[%clk 1:30:42]}
3. Nc3 
    {[%clk 1:24:12]}
3. ... g6 
    {[%clk 1:26:47]}
4. e4 
    {[%clk 1:24:20]}
4. ... Bg7 
    {[%clk 1:27:13]}
5. h3 
    {[%clk 1:24:45]}
5. ... O-O 
    {[%clk 1:27:26]}
6. Bg5 
    {[%clk 1:25:11]}
6. ... c5 
    {[%clk 1:27:08]}
7. d5 
    {[%clk 1:25:36]}
7. ... b5 
    {[%clk 1:27:25]}
8. cxb5 
    {[%clk 1:25:26]}
8. ... a6 
    {[%clk 1:27:32]}
9. a4 
    {[%clk 1:20:35]}
9. ... Qa5 
    {[%clk 1:25:18]}
10. Bd2 
    {[%clk 1:19:11]}
10. ... Qb4 
    {[%clk 1:25:39]}
11. Bd3 
    {[%clk 1:07:50]}
11. ... c4 
    {[%clk 1:21:52]}
12. Bc2 
    {[%clk 0:44:56]}
12. ... Nfd7 
    {[%clk 0:59:03]}
13. Nge2 
    {[%clk 0:41:31]}
13. ... Nc5 
    {[%clk 0:54:42]}
14. a5 
    {[%clk 0:34:36]}
14. ... Nd3+ 
    {[%clk 0:50:40]}
15. Kf1 
    {[%clk 0:32:48]}
15. ... f5 
    {[%clk 0:36:07]}
16. Ra4 
    {[%clk 0:19:25]}
16. ... Qxb2 
    {[%clk 0:30:07]}
17. Ra2 
    {[%clk 0:19:12]}
17. ... Qb4 
    {[%clk 0:29:23]}
18. Ra4 
    {[%clk 0:19:26]}
18. ... Qc5 
    {[%clk 0:26:16]}
19. Be3 
    {[%clk 0:19:47]}
19. ... Qc7 
    {[%clk 0:22:26]}
20. b6 
    {[%clk 0:19:55]}
20. ... Qb7 
    {[%clk 0:22:01]}
21. Bxd3 
    {[%clk 0:19:35]}
21. ... cxd3 
    {[%clk 0:22:12]}
22. Qxd3 
    {[%clk 0:19:45]}
22. ... Nd7 
    {[%clk 0:20:52]}
23. Bd4 
    {[%clk 0:17:10]}
23. ... fxe4 
    {[%clk 0:19:34]}
24. Qxe4 
    {[%clk 0:16:50]}
24. ... Ne5 
    {[%clk 0:19:49]}
25. g4 
    {[%clk 0:15:27]}
25. ... Bd7 
    {[%clk 0:19:08]}
26. Ra2 
    {[%clk 0:12:24]}
26. ... Rac8 
    {[%clk 0:19:13]}
27. Kg2 
    {[%clk 0:12:38]}
27. ... e6 
    {[%clk 0:17:35]}
28. f4 
    {[%clk 0:10:41]}
28. ... exd5 
    {[%clk 0:17:03]}
29. Nxd5 
    {[%clk 0:08:51]}
29. ... Bc6 
    {[%clk 0:16:53]}
30. Nec3 
    {[%clk 0:09:02]}
30. ... Rxf4 
    {[%clk 0:17:00]}
31. Qxf4 
    {[%clk 0:08:51]}
31. ... Bxd5+ 
    {[%clk 0:17:19]}
32. Nxd5 
    {[%clk 0:08:09]}
32. ... Qxd5+ 
    {[%clk 0:17:33]}
33. Kg3 
    {[%clk 0:08:26]}
33. ... Qxa2 
    {[%clk 0:15:37]}
34. Qe4 
    {[%clk 0:05:24]}
34. ... Qb3+ 
    {[%clk 0:14:29]}
35. Kg2 
    {[%clk 0:05:07]}
35. ... d5 
    {[%clk 0:12:41]}
36. Qf4 
    {[%clk 0:04:08]}
36. ... Rf8 
    {[%clk 0:12:53]}
0-1

[Event "N1 Reykjavik Open 2014"]
[Site "Reykjavik, Iceland"]
[Date "2014.03.09"]
[Round "7.18"]
[White "Ptacnikova, Lenka"]
[Black "Panjwani, Raja"]
[Result "1-0"]
[WhiteElo "2239"]
[BlackElo "2460"]
[LiveChessVersion "1.4.2"]

1. c4 
    {[%clk 1:30:58]}
1. ... e6 
    {[%clk 1:30:18]}
2. g3 
    {[%clk 1:31:38]}
2. ... d5 
    {[%clk 1:30:57]}
3. Nf3 
    {[%clk 1:31:18]}
3. ... Nf6 
    {[%clk 1:31:13]}
4. Bg2 
    {[%clk 1:30:43]}
4. ... Be7 
    {[%clk 1:31:06]}
5. O-O 
    {[%clk 1:30:41]}
5. ... O-O 
    {[%clk 1:31:27]}
6. b3 
    {[%clk 1:30:24]}
6. ... c5 
    {[%clk 1:30:34]}
7. cxd5 
    {[%clk 1:24:36]}
7. ... exd5 
    {[%clk 1:29:59]}
8. d4 
    {[%clk 1:24:30]}
8. ... Nc6 
    {[%clk 1:30:11]}
9. dxc5 
    {[%clk 1:21:54]}
9. ... Bxc5 
    {[%clk 1:25:56]}
10. Ba3 
    {[%clk 1:14:45]}
10. ... Bxa3 
    {[%clk 1:20:35]}
11. Nxa3 
    {[%clk 1:13:35]}
11. ... Qa5 
    {[%clk 1:05:35]}
12. Nc2 
    {[%clk 1:12:53]}
12. ... Ne4 
    {[%clk 1:04:21]}
13. Ncd4 
    {[%clk 1:03:26]}
13. ... Bg4 
    {[%clk 0:55:50]}
14. Nxc6 
    {[%clk 0:54:11]}
14. ... bxc6 
    {[%clk 0:56:06]}
15. Re1 
    {[%clk 0:51:34]}
15. ... Rfe8 
    {[%clk 0:39:27]}
16. Qc2 
    {[%clk 0:33:17]}
16. ... c5 
    {[%clk 0:35:34]}
17. e3 
    {[%clk 0:31:55]}
17. ... Rac8 
    {[%clk 0:32:29]}
18. h3 
    {[%clk 0:23:22]}
18. ... Bd7 
    {[%clk 0:28:16]}
19. Qb2 
    {[%clk 0:15:04]}
19. ... Bb5 
    {[%clk 0:23:17]}
20. Red1 
    {[%clk 0:13:46]}
20. ... Nc3 
    {[%clk 0:18:56]}
21. Rd2 
    {[%clk 0:13:56]}
21. ... Rcd8 
    {[%clk 0:19:11]}
22. Kh2 
    {[%clk 0:12:06]}
22. ... Ne4 
    {[%clk 0:15:40]}
23. Rdd1 
    {[%clk 0:11:35]}
23. ... Qa6 
    {[%clk 0:15:09]}
24. Rac1 
    {[%clk 0:10:41]}
24. ... d4 
    {[%clk 0:12:13]}
25. exd4 
    {[%clk 0:10:34]}
25. ... Be2 
    {[%clk 0:12:34]}
26. Re1 
    {[%clk 0:06:04]}
26. ... Bxf3 
    {[%clk 0:08:44]}
27. Bxf3 
    {[%clk 0:06:17]}
27. ... Ng5 
    {[%clk 0:09:12]}
28. Bg2 
    {[%clk 0:06:16]}
28. ... Rxe1 
    {[%clk 0:09:24]}
29. Rxe1 
    {[%clk 0:06:41]}
29. ... cxd4 
    {[%clk 0:04:06]}
30. Qxd4 
    {[%clk 0:06:56]}
30. ... Qc8 
    {[%clk 0:04:20]}
31. Qxa7 
    {[%clk 0:06:00]}
31. ... h6 
    {[%clk 0:04:48]}
32. Re7 
    {[%clk 0:05:11]}
32. ... Qf5 
    {[%clk 0:03:43]}
33. h4 
    {[%clk 0:03:22]}
33. ... Ne6 
    {[%clk 0:03:33]}
34. Qe3 
    {[%clk 0:02:08]}
34. ... Qc2 
    {[%clk 0:03:52]}
35. Qf3 
    {[%clk 0:01:59]}
35. ... Rf8 
    {[%clk 0:04:14]}
36. Ra7 
    {[%clk 0:02:10]}
36. ... Qc5 
    {[%clk 0:04:02]}
37. Ra8 
    {[%clk 0:01:58]}
37. ... Rxa8 
    {[%clk 0:04:14]}
38. Qxa8+ 
    {[%clk 0:02:21]}
38. ... Kh7 
    {[%clk 0:04:39]}
39. Qe4+ 
    {[%clk 0:32:35]}
39. ... g6 
    {[%clk 0:35:03]}
40. Qe3 
    {[%clk 0:32:42]}
40. ... Nd4 
    {[%clk 0:35:18]}
41. a3 
    {[%clk 0:25:43]}
41. ... Qd6 
    {[%clk 0:33:53]}
42. b4 
    {[%clk 0:25:33]}
42. ... Kg7 
    {[%clk 0:29:21]}
43. Be4 
    {[%clk 0:21:10]}
43. ... f5 
    {[%clk 0:28:01]}
44. Bg2 
    {[%clk 0:21:05]}
44. ... Qf6 
    {[%clk 0:28:02]}
45. Bd5 
    {[%clk 0:18:40]}
45. ... h5 
    {[%clk 0:25:35]}
46. a4 
    {[%clk 0:16:01]}
46. ... Nc2 
    {[%clk 0:25:25]}
47. Qc5 
    {[%clk 0:14:44]}
47. ... Nd4 
    {[%clk 0:24:51]}
48. Qc7+ 
    {[%clk 0:13:55]}
48. ... Kh6 
    {[%clk 0:25:00]}
49. Qf4+ 
    {[%clk 0:13:22]}
49. ... Kh7 
    {[%clk 0:25:00]}
50. Qb8 
    {[%clk 0:11:06]}
50. ... Ne2 
    {[%clk 0:24:48]}
51. Qa7+ 
    {[%clk 0:07:54]}
51. ... Kh8 
    {[%clk 0:24:50]}
52. Qe3 
    {[%clk 0:08:00]}
1-0

[Event "N1 Reykjavik Open 2014"]
[Site "Reykjavik, Iceland"]
[Date "2014.03.09"]
[Round "7.19"]
[White "Devereaux, Maxim L"]
[Black "Berkes, Ferenc"]
[Result "0-1"]
[WhiteElo "2345"]
[BlackElo "2687"]
[LiveChessVersion "1.4.2"]

1. e4 c6 2. d4 d5 3. exd5 cxd5 4. c4 Nf6 5. Nc3 e6 6. Nf3 Bb4 7. cxd5 Nxd5
8. Bd2 Nc6 9. Bd3 O-O 10. O-O Be7 11. Qe2 Nf6 12. Ne4 Bd7 13. Rfd1 Rc8 14.
 a3 Re8 15. Nxf6+ Bxf6 16. Qe4 g6 17. Bc3 Bg7 18. Rac1 Rc7 19. Qf4 Ne7 20.
 Ne5 Rf8 21. Be4 Ba4 22. Re1 Bb3 23. Bb4 a5 24. Bxe7 Rxe7 25. Qe3 a4 26. 
Bc2 Bxc2 27. Rxc2 Rc7 28. Rec1 Rxc2 29. Rxc2 Qd6 30. h3 Rd8 31. Rc4 b5 32.
 Rc5 Qxd4 33. Qxd4 Rxd4 34. Rxb5 Rd1+ 35. Kh2 h5 36. h4 Bf6 37. g3 Rd2 38.
 Kg2 Re2 39. Nf3 Rxb2 40. Ra5 Be7 41. Ne5 Bxa3 42. Nc4 Rb3 43. Rxa4 Bc5 
44. Ra2 Kg7 45. Nd2 Rb4 46. Rc2 Bb6 47. Nc4 Bd4 48. Nd6 Rb6 49. Ne4 Ra6 
50. Ng5 Ra7 51. Rc4 Be5 52. Rc5 Bc7 53. Rc2 Kf8 54. Re2 Ke7 55. Nf3 Ra4 
56. Rc2 Bd6 57. Rb2 Ra7 58. Nd4 Rc7 59. Rc2 Rb7 60. Nf3 Rb4 61. Nd2 Ra4 
62. Nc4 Bc7 63. Nb2 Ra7 64. Nd3 Bd6 65. Ne1 e5 66. Nf3 f6 67. Nd2 Ke6 68. 
Ne4 Be7 69. Rb2 Kf5 70. Nd2 Bc5 71. Rc2 Bd4 72. Nf3 Ra6 73. Re2 Ba7 74. 
Rb2 Ra4 75. Ng1 Bd4 76. Rc2 Ra3 77. Nf3 Ke4 78. Ne1 Kd5 79. Nf3 Ra1 80. 
Nd2 Ra6 81. Nf3 Ra3 82. Nd2 Ra1 83. Nb3 Re1 84. Nc1 Rd1 85. Nb3 Rd3 86. 
Nd2 Bc3 87. Nf1 Ke4 88. Re2+ Kd5 89. Re3 e4 90. Re2 Bd4 91. Rd2 f5 92. Ra2
Rf3 93. Nh2 Rc3 94. Nf1 Kc4 95. Nd2+ Kd3 96. Nf1 Rb3 97. Rd2+ Kc3 98. Re2 
Rb2 99. Rxb2 Kxb2 100. g4 hxg4 101. h5 gxh5 102. Ng3 h4 103. Nxf5 h3+ 104.
 Kf1 Kc3 105. Nh6 g3 106. fxg3 h2 107. Kg2 e3 0-1

[Event "N1 Reykjavik Open 2014"]
[Site "Reykjavik, Iceland"]
[Date "2014.03.09"]
[Round "7.20"]
[White "Grandelius, Nils"]
[Black "Vojinovic, Jovana"]
[Result "1/2-1/2"]
[WhiteElo "2600"]
[BlackElo "2323"]
[LiveChessVersion "1.4.2"]

1. e4 e6 
    {[%clk 1:23:05]}
2. d4 
    {[%clk 1:31:13]}
2. ... d5 
    {[%clk 1:23:29]}
3. Nc3 
    {[%clk 1:31:39]}
3. ... Bb4 
    {[%clk 1:23:33]}
4. e5 
    {[%clk 1:32:00]}
4. ... c5 
    {[%clk 1:23:52]}
5. a3 
    {[%clk 1:32:25]}
5. ... Bxc3+ 
    {[%clk 1:24:17]}
6. bxc3 
    {[%clk 1:32:51]}
6. ... Qa5 
    {[%clk 1:24:38]}
7. Bd2 
    {[%clk 1:32:08]}
7. ... Qa4 
    {[%clk 1:25:00]}
8. Qb1 
    {[%clk 1:30:16]}
8. ... c4 
    {[%clk 1:25:08]}
9. h4 
    {[%clk 1:27:08]}
9. ... Nc6 
    {[%clk 1:24:08]}
10. h5 
    {[%clk 1:27:28]}
10. ... h6 
    {[%clk 1:24:32]}
11. Nf3 
    {[%clk 1:25:28]}
11. ... Nge7 
    {[%clk 1:24:01]}
12. g3 
    {[%clk 1:25:14]}
12. ... Bd7 
    {[%clk 1:24:07]}
13. Bh3 
    {[%clk 1:18:55]}
13. ... O-O-O 
    {[%clk 1:23:49]}
14. Nh4 
    {[%clk 1:10:40]}
14. ... Kb8 
    {[%clk 1:07:29]}
15. O-O 
    {[%clk 1:02:28]}
15. ... Rdg8 
    {[%clk 0:59:57]}
16. Qc1 
    {[%clk 0:57:29]}
16. ... Nc8 
    {[%clk 0:56:42]}
17. Kh2 
    {[%clk 0:53:37]}
17. ... Nb6 
    {[%clk 0:56:25]}
18. Ng2 
    {[%clk 0:52:17]}
18. ... Qa5 
    {[%clk 0:53:40]}
19. Ne3 
    {[%clk 0:39:25]}
19. ... Na4 
    {[%clk 0:52:55]}
20. f4 
    {[%clk 0:39:31]}
20. ... g6 
    {[%clk 0:38:21]}
21. Ng4 
    {[%clk 0:37:52]}
21. ... Bc8 
    {[%clk 0:37:10]}
22. Nf6 
    {[%clk 0:38:06]}
22. ... Rd8 
    {[%clk 0:37:04]}
23. Rf3 
    {[%clk 0:36:32]}
23. ... a6 
    {[%clk 0:32:32]}
24. Kg2 
    {[%clk 0:34:30]}
24. ... Qc7 
    {[%clk 0:26:28]}
25. f5 
    {[%clk 0:31:26]}
25. ... g5 
    {[%clk 0:24:05]}
26. fxe6 
    {[%clk 0:31:17]}
26. ... fxe6 
    {[%clk 0:23:41]}
27. Ng4 
    {[%clk 0:29:32]}
27. ... Rdf8 
    {[%clk 0:20:22]}
28. Qf1 
    {[%clk 0:27:07]}
28. ... Rf5 
    {[%clk 0:17:16]}
29. Ne3 
    {[%clk 0:25:51]}
29. ... Rxf3 
    {[%clk 0:02:32]}
30. Qxf3 
    {[%clk 0:25:48]}
30. ... Qe7 
    {[%clk 0:02:56]}
31. Qf6 
    {[%clk 0:17:21]}
31. ... Qxf6 
    {[%clk 0:00:35]}
32. exf6 
    {[%clk 0:17:46]}
32. ... Nd8 
    {[%clk 0:01:01]}
33. Re1 
    {[%clk 0:16:15]}
33. ... Nf7 
    {[%clk 0:00:40]}
34. Ng4 
    {[%clk 0:14:32]}
34. ... Kc7 
    {[%clk 0:00:43]}
35. Kf3 
    {[%clk 0:08:06]}
35. ... Rh7 
    {[%clk 0:00:33]}
36. Ne5 
    {[%clk 0:06:51]}
36. ... Nxe5+ 
    {[%clk 0:00:33]}
37. dxe5 
    {[%clk 0:07:19]}
37. ... Nc5 
    {[%clk 0:00:32]}
38. Kg4 
    {[%clk 0:07:27]}
38. ... Bd7 
    {[%clk 0:00:44]}
39. Be3 
    {[%clk 0:04:19]}
39. ... Kc6 
    {[%clk 0:01:07]}
40. Rb1 
    {[%clk 0:30:45]}
40. ... Be8 
    {[%clk 0:30:32]}
41. Bg2 
    {[%clk 0:25:52]}
41. ... b5 
    {[%clk 0:23:08]}
42. Rh1 
    {[%clk 0:22:55]}
42. ... Nd7 
    {[%clk 0:23:10]}
43. Bd4 
    {[%clk 0:23:19]}
1/2-1/2

[Event "N1 Reykjavik Open 2014"]
[Site "Reykjavik, Iceland"]
[Date "2014.03.09"]
[Round "7.21"]
[White "Pavlovic, Milos"]
[Black "Constantinou, Peter"]
[Result "1/2-1/2"]
[WhiteElo "2506"]
[BlackElo "2270"]
[EventDate "2014.03.04"]
[PlyCount "61"]

1. d4 d5 2. Bf4 Nf6 3. e3 c5 4. c3 Nc6 5. Nd2 Bf5 6. Qb3 Qc8 7. Ngf3 c4 8.
 Qd1 b5 9. Be2 h6 10. Ne5 Nxe5 11. dxe5 Nd7 12. a4 b4 13. cxb4 e6 14. b5 
Bb4 15. O-O Nc5 16. Nf3 Nb3 17. Nd4 Nxa1 18. Qxa1 a6 19. Qd1 Bg6 20. Nc6 
Be7 21. b3 axb5 22. axb5 c3 23. Qd4 c2 24. e4 Qd7 25. exd5 Qxd5 26. Qc3 
Qc5 27. Bc4 Bg5 28. b4 Qb6 29. Bxg5 hxg5 30. Qd2 Be4 31. Qe2 1/2-1/2

[Event "N1 Reykjavik Open 2014"]
[Site "Reykjavik, Iceland"]
[Date "2014.03.09"]
[Round "7.22"]
[White "Pajeken, Wolfgang"]
[Black "Kristjansson, Stefan"]
[Result "1/2-1/2"]
[WhiteElo "2308"]
[BlackElo "2503"]
[EventDate "2014.03.04"]
[PlyCount "0"]

1. d4 Nf6 2. c4 e6 3. Nc3 c5 4. d5 exd5 5. cxd5 d6 6. Nf3 g6 7. Bf4 a6 8. 
Nd2 b5 9. a4 b4 10. Nce4 Nxe4 11. Nxe4 Be7 12. Qd2 Bf5 13. Ng3 Bc8 14. Ne4
Bf5 15. Ng3 Bc8 1/2-1/2

[Event "N1 Reykjavik Open 2014"]
[Site "Reykjavik, Iceland"]
[Date "2014.03.09"]
[Round "7.23"]
[White "Danielsen, Henrik"]
[Black "Hauge, Lars Oskar"]
[Result "1-0"]
[WhiteElo "2501"]
[BlackElo "2308"]
[EventDate "2014.03.04"]
[PlyCount "0"]

1. Nf3 Nf6 2. c4 c5 3. g3 g6 4. Bg2 Bg7 5. O-O O-O 6. Nc3 Nc6 7. d4 cxd4 
8. Nxd4 Nxd4 9. Qxd4 d6 10. Bd2 Be6 11. Qd3 Qd7 12. Rfd1 Rfc8 13. b3 Rab8 
14. Be3 b6 15. Rac1 a6 16. a4 Ng4 17. Bf4 Ne5 18. Qd2 Nc6 19. Be3 Qd8 20. 
Be4 h5 21. Nd5 Ne5 22. Nf4 Bd7 23. Bd4 Bc6 24. Bxe5 Bxe5 25. Nxg6 fxg6 26.
 Bxc6 Kg7 27. Bd5 b5 28. cxb5 axb5 29. a5 b4 30. a6 Qb6 31. Rxc8 Rxc8 32. 
Qa2 Qa7 33. e3 h4 34. Qe2 hxg3 35. hxg3 Rc3 36. Kg2 Qc5 37. Qf3 Bf6 38. 
Bc4 Rc2 39. Qe4 Ra2 40. Qe6 Qc6+ 41. e4 Qb6 42. Qg8+ Kh6 43. Rh1+ Kg5 44. 
Rh5+ 1-0

[Event "N1 Reykjavik Open 2014"]
[Site "Reykjavik, Iceland"]
[Date "2014.03.09"]
[Round "7.24"]
[White "Idani, Pouya"]
[Black "Prosviriakov, Vladimir"]
[Result "1-0"]
[WhiteElo "2496"]
[BlackElo "2269"]
[EventDate "2014.03.04"]
[PlyCount "86"]

1. e4 d6 2. d4 Nf6 3. Nc3 e5 4. Nf3 Nbd7 5. Bc4 Be7 6. O-O O-O 7. h3 c6 8.
 a4 h6 9. Re1 Re8 10. a5 Qc7 11. Be3 Nf8 12. d5 Ng6 13. Bb3 c5 14. a6 bxa6
15. Bc4 Rb8 16. b3 Rb4 17. Nd2 Nf4 18. Bxa6 Bd7 19. Bf1 g5 20. Nc4 Kh7 21.
 Kh2 Bc8 22. g3 Ng6 23. Bg2 g4 24. Rh1 Kg7 25. Kg1 Rh8 26. Qd3 gxh3 27. 
Bxh3 Ng4 28. Bd2 Bg5 29. f3 Nf6 30. Bxc8 Rxc8 31. Bxg5 hxg5 32. Qd2 Nh7 
33. Ra6 Rd8 34. Rc6 Qe7 35. Nd1 Qf6 36. Kg2 Rb7 37. Nde3 Rbd7 38. Ng4 Qe7 
39. Nce3 Qf8 40. Nf5+ Kg8 41. Rxh7 Kxh7 42. Nf6+ Kh8 43. Qxg5 Nf4+ 1-0

[Event "N1 Reykjavik Open 2014"]
[Site "Reykjavik, Iceland"]
[Date "2014.03.09"]
[Round "7.25"]
[White "Urkedal, Frode"]
[Black "Wunnink, Michael"]
[Result "1/2-1/2"]
[WhiteElo "2495"]
[BlackElo "2251"]
[EventDate "2014.03.04"]
[PlyCount "0"]

1. d4 d5 2. c4 c6 3. Nf3 Nf6 4. Nc3 dxc4 5. a4 Bf5 6. e3 e6 7. Bxc4 Bb4 8.
 O-O Nbd7 9. Nh4 O-O 10. f3 a5 11. Nxf5 exf5 12. Qd3 Nb6 13. Bb3 Qd7 14. 
Bc2 g6 15. e4 c5 16. d5 c4 17. Qd4 Qe7 18. Be3 Nfd7 19. Kh1 Bc5 20. Qd2 
fxe4 21. Bg5 f6 22. Bh6 Rfe8 23. fxe4 Ne5 24. Nb5 Nc8 25. Nd4 Bxd4 26. 
Qxd4 Nd6 27. Bd2 Ra6 28. Rae1 b5 29. Qf2 Rf8 30. axb5 Nxb5 31. Ra1 Rfa8 
32. Ra4 Kg7 33. h3 h5 34. Rfa1 Qc7 35. Qe3 g5 36. Bd1 Nd3 37. R1a2 Qe5 38.
 Rxa5 Rxa5 39. Rxa5 Rxa5 40. Bxa5 Qxb2 41. Kh2 Qe5+ 42. Qg3 Qa1 43. h4 
Qxa5 44. hxg5 Qc7 45. Qxc7+ Nxc7 46. gxf6+ Kxf6 47. Kg3 Nb5 48. Bxh5 Nd4 
49. d6 Ke6 50. e5 Nxe5 51. Kf4 c3 52. Bd1 Kxd6 53. Ke4 c2 54. Bxc2 Nxc2 
55. g4 1/2-1/2

[Event "N1 Reykjavik Open 2014"]
[Site "Reykjavik, Iceland"]
[Date "2014.03.09"]
[Round "7.26"]
[White "Liang, Awonder"]
[Black "Galego, Luis"]
[Result "1/2-1/2"]
[WhiteElo "2237"]
[BlackElo "2463"]
[EventDate "2014.03.04"]
[PlyCount "0"]

1. e4 c5 2. Nf3 e6 3. d4 cxd4 4. Nxd4 a6 5. Bd3 Qc7 6. Nc3 Nf6 7. O-O Bc5 
8. Nb3 Be7 9. f4 d6 10. e5 Nfd7 11. exd6 Qxd6 12. Ne4 Qc7 13. Bd2 Nf6 14. 
Bc3 Nbd7 15. Qf3 Nxe4 16. Qxe4 Nf6 17. Qf3 Bd7 18. Rae1 Bc6 19. Qh3 Bd5 
20. f5 O-O-O 21. Kh1 Nd7 22. Be5 Qb6 23. fxe6 Bxe6 24. Bf5 Bxf5 1/2-1/2